000 01001nam a2200277 i 4500
001 000017547
003 DO-SdBNP
005 20260422110756.0
006 a||||fr|||| 00| 0
007 ta
008 100326s1958 dr r 001 0 spa d
040 _aDO-SdBNP
_bspa
_cBNPHU
_erda
082 4 _bH557j
_222
_a22
100 _aHernández Rueda, Lupo,
_d1930-2017
_923790
_eautor
245 1 0 _aJurisprudencia de trabajo /
_cLupo Hernández Rueda.
264 1 _aCiudad Trujillo, República Dominicana :
_b[sin lugar].,
_c1958.
300 _a333 páginas;
_c25 cm.
336 _2rdacontent
_atexto
_btxt
337 _2rdamedia
_asin mediación
_bn
338 _2rdacarrier
_avolumen
_bnc
500 _aIncluye referencias bibliográficas y notas al pie de las páginas.
500 _aIncluye índice alfabético.
500 _aRepertorio alfabético de la Jurisprudencia Dominicana en materia laboral hasta 1957, incluyendo cansaciones sobre Seguros Sociales.
910 _aBtavárez
942 _2ddc
_cLBS1
999 _c17072
_d17072